000 nam a22 7a 4500
999 _c234159
_d234159
003 Nust
005 20170314160935.0
008 170314b xxu||||| |||| 00| 0 eng d
020 _a81-7758-641-6
040 _cASAB
082 _a572.8
245 _aintroduction to bioinformatics
_cT.K. Attwood
300 _a235 p
942 _2ddc
_cBK